Enterprise information systems / (Record no. 1571)
[ view plain ]
| 000 -LEADER | |
|---|---|
| fixed length control field | 00895nac a22002051u 4500 |
| 020 ## - INTERNATIONAL STANDARD BOOK NUMBER | |
| International Standard Book Number | 007110710X |
| 035 ## - SYSTEM CONTROL NUMBER | |
| System control number | (CaONFCNI)ny4887307 |
| 082 ## - DEWEY DECIMAL CLASSIFICATION NUMBER | |
| Classification number | 658.4038 |
| Item number | O132 |
| 090 ## - LOCALLY ASSIGNED LC-TYPE CALL NUMBER (OCLC); LOCAL CALL NUMBER (OCLC) | |
| -- | 1571 |
| -- | 1571 |
| 100 ## - MAIN ENTRY--PERSONAL NAME | |
| Personal name | O'Brien, James A. |
| 245 10 - TITLE STATEMENT | |
| Title | Enterprise information systems / |
| Statement of responsibility, etc | James O'Brien and George Marakas. |
| 250 ## - EDITION STATEMENT | |
| Edition statement | 13th ed. |
| 260 ## - PUBLICATION, DISTRIBUTION, ETC. (IMPRINT) | |
| Place of publication, distribution, etc | London : |
| Name of publisher, distributor, etc | Higher Education, |
| Date of publication, distribution, etc | 2006. |
| 300 ## - PHYSICAL DESCRIPTION | |
| Extent | 1 v. ; |
| Dimensions | 25 cm. |
| Other physical details | col. ill. ; |
| Accompanying material | 28 cm. |
| 650 ## - SUBJECT ADDED ENTRY--TOPICAL TERM | |
| Topical term or geographic name as entry element | Business |
| General subdivision | Data processing. |
| 650 ## - SUBJECT ADDED ENTRY--TOPICAL TERM | |
| Topical term or geographic name as entry element | Management |
| General subdivision | Management information systems. |
| 942 ## - ADDED ENTRY ELEMENTS (KOHA) | |
| Item type | |
| Call number prefix | 658.4038O132 |
| Withdrawn status | Item status | Damaged status | Not for loan | Home library | Current library | Shelving location | Date acquired | Source of acquisition | Total Checkouts | Total Renewals | Full call number | Barcode | Date last seen | Date last borrowed | Koha item type |
|---|---|---|---|---|---|---|---|---|---|---|---|---|---|---|---|
| Central Library | Central Library | First floor | 06/11/2006 | Purchase | 11 | 24 | 658.4038 OBR | 000002779 | 15/07/2025 | 15/05/2019 | Book - Borrowing | ||||
| Central Library | Central Library | First floor | 06/11/2006 | Purchase | 17 | 26 | 658.4038 OBR | 000002780 | 15/07/2025 | 27/03/2017 | Book - Borrowing |